| 000 | 00783nam a22002177a 4500 | ||
|---|---|---|---|
| 003 | koha_MIRAKIL | ||
| 005 | 20260108134129.0 | ||
| 008 | 260108b tur||||| |||| 00| 0 tur d | ||
| 020 | _a9786052980347 | ||
| 040 |
_aTR-IsEVY _btur _cTR-IsEVY |
||
| 082 | _a92ATA ÖZE/B | ||
| 100 | _aÖzel, Sevgi | ||
| 245 | 0 |
_aBarış takımı Çanakkale'den Gelibolu'ya geçiyor / _cSevgi Özel, İbrahim Dizman ; resimleyen Nalan Alaca. |
|
| 260 |
_aİstanbul : _bKırmızı Kedi Yayınevi, _c2016. |
||
| 300 |
_a83 s. : _brenkli resimli ; _c20 cm. |
||
| 490 | 0 | _aBarış Takımı ; 1. kitap. | |
| 650 |
_aTürk edebiyatı -- Tarihi roman. _vMustafa Kemal Atatürk. _vÇanakkale. _vGelibolu. |
||
| 700 | 1 |
_aDizman, İbrahim. _cyazar. |
|
| 700 | 1 |
_aAlaca, Nalan. _cresimleyen. |
|
| 942 |
_2ddc _cBK |
||
| 999 |
_c23248 _d23248 |
||